000 00786nam a2200229Ii 4500
003 JO-AjNU
008 230605s9999||||xx |||||||||||||| ||und||
017 _a2005/5331
020 _a977-270-909-0
040 _aJO-AjNU
_bara
_erda
_cJO-AjNU
041 _aara
050 1 4 _aCT3203.S3468.2005
100 3 _aشاكر، فؤاد,
_eauthor
_920231
245 0 0 _a حصاد القرن العشرين : نساء شهيرات، الجزء الثاني
250 _aط1
264 3 1 _aالقاهرة: الدار المصرية اللبنانية، 2005
300 _aج2، 285ص
_bصور توضيحية
336 _atext
_btxt
_2rdacontent
337 _aunmediated
_bn
_2rdamedia
338 _avolume
_bnc
_2rdacarrier
650 4 _aالقرن العشرين- نساء شهيرات
_920232
999 _aA6820
_c10388
_d10388